| 000 | 00512nam a2200193Ia 4500 | ||
|---|---|---|---|
| 005 | 20250312060315.0 | ||
| 008 | 240331s9999 xx 000 0 und d | ||
| 020 | _a0415901707 | ||
| 082 |
_a301.09 _bSPI _23724 |
||
| 100 | _aSpivak, G. C | ||
| 245 | 4 |
_aThe Post-Colonial Critic: _bInterviews, Strategies, Dialogues. |
|
| 260 |
_aLondon; _aNew York, _bRoutledge _c1990 |
||
| 300 | _aviii, 168 p., | ||
| 650 | _aFeminism | ||
| 650 | _aPostcolonialism | ||
| 650 | _aRadicalism | ||
| 650 | _aHistory | ||
| 942 | _cL | ||
| 999 |
_c1065 _d1065 |
||